Magiciens de la terre
Guardat en:
| Format: | Llibre |
|---|---|
| Idioma: | francès |
| Publicat: |
París
Centre Pompidou
1989
|
| Matèries: | |
| Etiquetes: |
Afegir etiqueta
Sense etiquetes, Sigues el primer a etiquetar aquest registre!
|
MARC
| LEADER | 00000nam a2200000 a 4500 | ||
|---|---|---|---|
| 001 | UCV9929 | ||
| 003 | CL-VaPUC | ||
| 008 | 930803e19890000FR |||||||||||||||||fre|d | ||
| 082 | 0 | 4 | |a 709.04 |b MAG |2 21 |
| 245 | 1 | 0 | |a Magiciens de la terre |
| 300 | |a 271 p | ||
| 942 | |c BK | ||
| 945 | |d 19930803 00:00:00 | ||
| 260 | |a París |b Centre Pompidou |c 1989 | ||
| 500 | |a Exposición presentada entre el 18 de Mayo al 14 de Agosto de 1989 por el Centre Georges Pompidou y el Museo Nacional del Arte Moderno | ||
| 650 | 0 | |a Arte moderno |9 265333 | |
| 650 | 7 | |a EXPOSICIONES SIGLO 20 |2 CL-VaPUC |9 268877 | |
| 650 | 0 | |a Artistas |y Siglo 20 |9 266651 | |
| 651 | 0 | |a Francia |9 255157 | |
| 583 | |a last modification |c 19930803 00:00:00 |k Rodrigo Vera | ||
| 999 | |c 215199 |d 215197 | ||
| 952 | |0 0 |1 0 |4 0 |6 709_040000000000000_MAG_1989 |7 0 |8 P |9 199231 |a BIBARQ |b BIBARQ |d 2019-11-14 |i 2665468 |o 709.04 MAG 1989 |p 2665468 |r 2025-01-20 |w 2019-11-14 |y BK |k ARQ | ||